| 000 | 01978nam a2200265Ia 4500 | ||
|---|---|---|---|
| 001 | 22324 | ||
| 003 | GE_BSU | ||
| 008 | 181216s||||||||xx |||||||||||||| ||und|| | ||
| 020 | _a9789941274084 | ||
| 040 | _cGE_BSU | ||
| 080 | _a070.22(479.22)+016(479.22) | ||
| 245 | _aგაზეთ ”ინდუსტრიული ქუთაისის” ანალიტიკური ბიბლიოგრაფია, 1939-1940 წწ. | ||
| 245 | _cსარედაქციო საბჭო: ცაგური ფორჩხიძე, მანანა ნემსაძე, ირმა გელოვანი [და სხვ.] ; დიზაინი გელა ღაჭავა. | ||
| 250 | _aქუთაისის ილია ჭავჭავაძის სახ. საჯარო ბიბლიოთეკა | ||
| 260 | _aქუთაისი | ||
| 260 | _bგამ-ბა ”სამშობლო” | ||
| 260 | _c2017 | ||
| 300 | _a1092 გვ. ; 29 სმ. | ||
| 300 | _eსახელთა საძიებელი: გვ. 779-1072. გეოგრაფიულ სახელთა საძიებელი: გვ. 1073-1088. | ||
| 520 | _aგამოცემა დაფინანსებულია ქ. ქუთაისის მუნიციპალიტეტის მერიის კულტურის, სპორტის, განათლების, ძეგლთა დაცვისა და ახალგაზრდობის საქმეთა სამსახურის მიერ | ||
| 541 | _h15 ლ. | ||
| 653 | _aგაზეთ ”ინდუსტრიული ქუთაისის” ანალიტიკური ბიბლიოგრაფია, 1939-1940 წწ. | ||
| 653 | _aქართული პრესის ბიბლიოგრაფია. ქართული გაზეთები. | ||
| 942 | _cBK | ||
| 999 |
_c55248 _d55248 |
||